000 00346nam a2200121Ia 4500
008 220214s9999 xx 000 0 und d
100 _aVenkataraman Chandra
245 0 _aclimate forcing by aerosols
260 _bUpdate: A Newsletter of Industrial Research and Consultancy Centre
_c2003
300 _a6
650 _aGlobal warming
942 _cRE
999 _c46589
_d46589